000 00417nam a2200169Ia 4500
008 240830s2008 xx 000 0 und d
041 _asan
082 _a615.53/YAD
100 _aYADAV/SHARMA
245 _aCHARAKA SAMHITA
250 _a1 ST
260 _aVARANASI
_bCHAUKHAMBA PRAKASHAN, VARANASHI
_c2008
300 _a167p
650 _aCHARAKA-SAMHITA
906 _aCHARAKA SAMHITA
999 _c1201909
_d1201909